000 00231nam a2200109Ia 4500
008 220204s9999 xx 000 0 und d
082 _a82-3
_bURI
100 _aUris, Leon
245 0 _aExodus
260 _bCorgi
_c1976
942 _cBK
999 _c28573
_d28573